El presupuesto del capital / (Record no. 33485)
[ view plain ]
| 000 -LEADER | |
|---|---|
| campo de control de longitud fija | 00682nam a2200217 i 4500 |
| 001 - NÚMERO DE CONTROL | |
| campo de control | 33485 |
| 003 - IDENTIFICADOR DE NÚMERO DE CONTROL | |
| campo de control | ES-MaACL |
| 005 - FECHA Y HORA DE LA ÚLTIMA TRANSACCIÓN | |
| campo de control | 20230906154752.0 |
| 007 - CAMPO FIJO DE DESCRIPCIÓN FÍSICA--INFORMACIÓN GENERAL | |
| campo de control de longitud fija | t| |
| 008 - DATOS DE LONGITUD FIJA--INFORMACIÓN GENERAL | |
| campo de control de longitud fija | 030202s1970 sp ||||1| spa d |
| 100 1# - ENTRADA PRINCIPAL--NOMBRE DE PERSONA | |
| Nombre de persona | Bierman, Harold. |
| 9 (RLIN) | 28822 |
| 245 13 - MENCIÓN DEL TÍTULO | |
| Título | El presupuesto del capital / |
| Mención de responsabilidad, etc. | Harold Bierman y Seymour Smidt ; [traductor, Agustín Gil Lasierra] ; revisor, Pedor Camps Vehi. |
| 250 ## - MENCION DE EDICION | |
| Mención de edición | 2ª ed. |
| 260 ## - PUBLICACIÓN, DISTRIBUCIÓN, ETC. | |
| Lugar de publicación, distribución, etc. | Barcelona : |
| Nombre del editor, distribuidor, etc. | Sagitario, |
| Fecha de publicación, distribución, etc. | [1970. |
| 300 ## - DESCRIPCIÓN FÍSICA | |
| Extensión | 253 p. ; |
| Dimensiones | 22 cm. |
| 700 1# - ENTRADA AGREGADA--NOMBRE PERSONAL | |
| Nombre de persona | Smidt, Seymour. |
| 9 (RLIN) | 106829 |
| 700 1# - ENTRADA AGREGADA--NOMBRE PERSONAL | |
| Nombre de persona | Gil Lasierra, Agustín. |
| 9 (RLIN) | 56831 |
| 700 1# - ENTRADA AGREGADA--NOMBRE PERSONAL | |
| Nombre de persona | Camps Vehi, Pedro. |
| 9 (RLIN) | 199629 |
| 852 ## - LOCALIZACIÓN | |
| Ubicación | ES-MaACL |
| Número de control de estantería | E-7045 |
| Sublocalización o colección | R.91344 |
| Estatus retirado | Estado de pérdida | Estado de daño | No para préstamo | Biblioteca de origen | Biblioteca actual | Ubicación en estantería | Fecha de adquisición | Fuente de adquisición | Total de préstamos | Signatura topográfica completa | Código de barras | Visto por última vez | Precio de reemplazo | Tipo de ítem Koha |
|---|---|---|---|---|---|---|---|---|---|---|---|---|---|---|
| Biblioteca del Ateneo de Madrid | Biblioteca del Ateneo de Madrid | Depósito 2 | 17/01/2008 | E-7045 | 1034842 | 23/02/2023 | 23/02/2023 | Libro impreso |
